Southville International School and Colleges
Your cart is empty.
  • Cart
  • Lists
    Public lists Eva Luna New books Lux_list list_1
    Your lists Log in to create your own lists
  • Log in to your account
  • Your cookies
  • Search history
Southville International School and Colleges
  • Advanced search
  • Recent comments
  • Most popular
  • Libraries

Log in to your account

Log in with GOOGLE


If you do not have an external account, but do have a local account, you can still log in:

  1. Home
  2. MARC view: A comparative study on the level of employee motivation between filipino and omani workers of dalma energy muscat,oman
Normal view MARC view ISBD view

A comparative study on the level of employee motivation between filipino and omani workers of dalma energy muscat,oman (Record no. 367073)

[ view plain ]
MARC details
000 -LEADER
fixed length control field 00958nam a22002297a 4500
003 - CONTROL NUMBER IDENTIFIER
control field 0
005 - DATE AND TIME OF LATEST TRANSACTION
control field 20250127125107.0
008 - FIXED-LENGTH DATA ELEMENTS--GENERAL INFORMATION
fixed length control field 250127b xxu||||| |||| 00| 0 eng d
050 ## - LIBRARY OF CONGRESS CALL NUMBER
Classification number HF 5549.5
Item number .Al44 2018
100 ## - MAIN ENTRY--PERSONAL NAME
Personal name Al-Harthy, Jameela Bint Saleh Said B.
245 ## - TITLE STATEMENT
Title A comparative study on the level of employee motivation between filipino and omani workers of dalma energy muscat,oman
Statement of responsibility, etc Jameela Bint Saleh Said B. Al-Harthy
260 ## - PUBLICATION, DISTRIBUTION, ETC. (IMPRINT)
Place of publication, distribution, etc Las Pinas City
Name of publisher, distributor, etc Southville International School and Colleges
Date of publication, distribution, etc 2018
300 ## - PHYSICAL DESCRIPTION
Extent 62 pages ;
Dimensions 28cm.
500 ## - GENERAL NOTE
General note Human Resource Management.
504 ## - BIBLIOGRAPHY, ETC. NOTE
Bibliography, etc Includes bibliographical references and appendices. <br/>
650 ## - SUBJECT ADDED ENTRY--TOPICAL TERM
Topical term or geographic name as entry element Employee motivation—Comparative studies.
650 ## - SUBJECT ADDED ENTRY--TOPICAL TERM
Topical term or geographic name as entry element Work environment—Cultural differences.
650 ## - SUBJECT ADDED ENTRY--TOPICAL TERM
Topical term or geographic name as entry element Job satisfaction—Comparative studies.
650 ## - SUBJECT ADDED ENTRY--TOPICAL TERM
Topical term or geographic name as entry element Personnel management—Philippines.
651 ## - SUBJECT ADDED ENTRY--GEOGRAPHIC NAME
Geographic name Dalma Energy (Muscat, Oman)—Employees.
942 ## - ADDED ENTRY ELEMENTS (KOHA)
Source of classification or shelving scheme Library of Congress Classification
Koha item type Theses
Holdings
Withdrawn status Lost status Source of classification or shelving scheme Damaged status Home library Current library Shelving location Date acquired Source of acquisition Sub Shelving location Total Checkouts Full call number Barcode Date last seen Price effective from Koha item type
    Library of Congress Classification   College Library College Library Theses Section 01/27/2025 Donation     HF 5549.5 .Al44 2018 T1289 01/27/2025 01/27/2025 Theses

A comparative study on the level of employee motivation between filipino and omani workers of dalma energy muscat,oman

APA

Al-Harthy J. B. S. S. B., . (2018). A comparative study on the level of employee motivation between filipino and omani workers of dalma energy muscat,oman. Las Pinas City: Southville International School and Colleges.

Chicago

Al-Harthy Jameela Bint Saleh Said B, . 2018. A comparative study on the level of employee motivation between filipino and omani workers of dalma energy muscat,oman. Las Pinas City: Southville International School and Colleges.

Harvard

Al-Harthy J. B. S. S. B., . (2018). A comparative study on the level of employee motivation between filipino and omani workers of dalma energy muscat,oman. Las Pinas City: Southville International School and Colleges.

MLA

Al-Harthy Jameela Bint Saleh Said B, . A comparative study on the level of employee motivation between filipino and omani workers of dalma energy muscat,oman. Las Pinas City: Southville International School and Colleges. 2018.

  • Print
  • Cite
  • Add to your cart (remove)
  • Save record
    BIBTEX Dublin Core MARCXML MARC (non-Unicode/MARC-8) MARC (Unicode/UTF-8) MARC (Unicode/UTF-8, Standard) MODS (XML) RIS
  • More searches
    Search for this title in:
    Other Libraries (WorldCat) Other Databases (Google Scholar) Online Stores (Bookfinder.com) Open Library (openlibrary.org)

Exporting to Dublin Core...

SOUTHVILLE LIBRARY

Southville International School and Colleges Library

1281 Tropical Ave. Cor. Luxembourg St., BF Homes International, Las Pinas City

Tel. No. 8256374 / 252358 Loc. 117/146

Powered by Koha